000
00286nam a22001217a 4500
082
_a
340.59
_b
CHO
100
_a
Chohan, M K
245
_a
Islamic Hadood Laws in Pakistan /
_c
M K Chohan
260
_b
Insights Law Books,
300
_a
236 p.
563
_a
HB.
942
_2
ddc
_c
BK
999
_c
614012
_d
614012